000 00899nam a2200277 c 4500
999 _c108389
_d108389
003 BLK
005 20220228134046.0
008 180409b bul|||||r ||||||| ||bul||
010 _aKNG00113692000
040 _aBLK
041 _aBUL
_cBUL
080 _aБългарска литература
_b821.163.2
_x-1
_z821.163.2-1
100 1 _aХристова, Мариана
_eпърви автор
_9365821
139 _aХристова, Мариана
_bХ 79
245 1 0 _aОт порив за живот опиянена
_bСтихове
_cМариана Христова.
257 _aBGR
260 _bИзд. авт.
_c2003
_fВ. Търново : Абагар
300 _a111 с.
_c16 см
380 _aX
659 _aК
852 _aЦб І 31265
852 _aК 821.163.2/Х 79 М
856 4 _qpdf
856 4 _qpdf
942 _cKNG
_n0
_s1
944 _aCR
_c17.06.2004
_kЦветанка_Енчева
944 _aED
_c21.06.2004
999 _d108389